| 000 | 00690nam a2200229 a 4500 | ||
|---|---|---|---|
| 001 | 52491 | ||
| 003 | BD-RjUL | ||
| 005 | 20211209075821.0 | ||
| 008 | 160921s1954 nyu b 001 0 eng d | ||
| 035 | _a(BD-RjUL)52611 | ||
| 040 |
_aBD-RjUL _beng _cANL |
||
| 041 | _aeng | ||
| 082 | 0 | 4 |
_a530.1 _223 _bBRR 1954 |
| 100 | 1 |
_aBroglie, Louis de, _d1892- _9156990 |
|
| 245 | 1 | 4 |
_aThe revolution in physics : _ba non-mathematical survey of quanta / _cTranslated by Ralph W. Niemeyer. |
| 260 |
_aLondon : _bRoutledge and Kegan paul, _c1954. |
||
| 300 |
_a305p. ; _c22 cm |
||
| 500 | _aIncludes Index | ||
| 650 | 0 |
_aQuantum theory. _9156991 |
|
| 650 | 0 |
_aPhysics _xHistory. _9154691 |
|
| 942 |
_2ddc _cBK |
||
| 999 |
_c52491 _d52491 |
||